[Event "Tourn. n9355"]
[Site "www.chess-mail.com"]
[Date "2017.05.12"]
[Round "1"]
[White "Nulladies"]
[Black "Bojan"]
[WhiteElo "1910"]
[BlackElo "1940"]
[Result "0-1"]
[Round "1"]
1.d4 g6
2.Ng1f3 Bf8g7
3.Bc1f4 c6
4.c3 d6
5.e3 Bc8f5
6.Bf1d3 Bf5xd3
7.Qd1xd3 Ng8f6
8.Nb1d2 Nf6h5
9.Bf4g3 Nh5xg3
10.hxg3 e6
11.O-O-O Nb8d7
12.Rh1e1 Qd8a5
13.Kb1 O-O-O
14.Nf3g5 Qa5xg5
15.Nd2f3 Qg5a5
16.Nf3d2 d5
17.Nd2b3 Qa5c7
18.Rd1c1 f5
19.f4 Nd7f6
20.Nb3c5 Rd8e8
21.c4 Kd8
22.Qd3b3 b6
23.Nc5d3 Nf6e4
24.cxd5 Ne4d2
{ resign }
0-1

[Event "Tourn. n9321"]
[Site "www.chess-mail.com"]
[Date "2017.05.12"]
[Round "1"]
[White "Vasylpuzanov"]
[Black "Redabond"]
[WhiteElo "1690"]
[BlackElo "1670"]
[Result "1-0"]
[Round "1"]
1.e4 e5
2.Ng1f3 Nb8c6
3.c3 Bf8c5
4.d4 exd4
5.cxd4 Bc5b4
6.Nb1c3 Ng8f6
7.e5 Bb4xc3
8.bxc3 Nf6g4
9.h3 Ng4h6
10.Bf1d3  { time }
1-0

[Event "Tourn. n9286"]
[Site "www.chess-mail.com"]
[Date "2017.05.12"]
[Round "1"]
[White "Pachi"]
[Black "Cal"]
[WhiteElo "1530"]
[BlackElo "1560"]
[Result "1-0"]
[Round "1"]
1.e4 e5
2.Ng1f3 d6
3.Bf1b5 c6
4.Bb5c4 h6
5.O-O Bc8g4
6.c3 Ng8f6
7.d4 b5
8.Bc4e2 Bg4xf3
9.Be2xf3 Bf8e7
10.Bc1e3 Nb8d7
11.dxe5 Nd7xe5
12.a4 a5
13.h4 Nf6h7
14.g3 O-O
15.Be3d4 Ne5c4
16.e5 dxe5
17.Bf3xc6 exd4
18.Bc6xa8 Qd8xa8
19.Qd1xd4 Be7f6
20.Qd4c5 Nc4xb2
21.axb5 a4
22.b6 Nb2d3
23.Qc5b5 Rf8d8
24.b7 Qa8a7
25.Ra1a3 Nh7f8
26.c4 Bf6b2
27.Ra3a2 a3
28.Rf1d1 Qa7xf2
29.Kh1 Qf2f3
30.Kh2 Qf3xd1
31.b8Q Nd3f2
32.Kg2 Rd8xb8
33.Qb5xb8 Qd1xb1
34.Ra2xa3 Bb2xa3
35.Qb8xb1 g6
36.Kxf2 Ba3c5
37.Kg2 Kh7
38.Qb1b5 Nf8e6
39.Qb5b1 Ne6d4
40.h5 Nd4e6
41.hxg6 fxg6
42.Qb1b7 Ne6g7
43.Qb7c7 Bc5e3
44.c5 Be3xc5
45.Qc7xc5 h5
46.Qc5g5 Ng7e6
47.Qg5e7 Ne6g7
48.Kf3 Kh6
49.Kf4 Ng7f5
50.Qe7e8 Kg7
51.Kg5 Nf5xg3
52.Qe8xg6 Kf8
53.Qg6d6 Kg7
54.Qd6xg3 { resign }
1-0

[Event "Tourn. n9302"]
[Site "www.chess-mail.com"]
[Date "2017.05.12"]
[Round "1"]
[White "Autmich"]
[Black "Jjmcbride"]
[WhiteElo "1720"]
[BlackElo "1700"]
[Result "1-0"]
[Round "1"]
1.e4 e5
2.Ng1f3 f6
3.Nf3xe5 Qd8e7
4.Ne5f3 d5
5.d3 dxe4
6.dxe4 Qe7xe4
7.Bf1e2 Bc8g4
8.O-O Nb8d7
9.Be2b5 O-O-O
10.Bb5e2 Nd7e5
11.Nb1d2 Qe4f5
12.Nf3xe5 Bg4xe2
13.Qd1xe2 fxe5
14.c3 Ng8f6
15.Rf1e1 Bf8d6
16.Nd2c4 Rh8e8
17.Bc1e3 e4
18.a4 h5
19.Nc4xd6 Rd8xd6
20.Be3xa7 g5
21.Ba7d4 Nf6d5
22.Qe2xh5 Rd6d8
23.Qh5e2 Nd5f4
24.Qe2e3 Nf4d3
25.Re1b1 Re8f8
26.b4 Kb8
27.a5 Rf8f7
28.a6 b6
29.Bd4xb6 Ka8
30.Ra1a5 Nd3e5
31.Bb6d4 Rd8e8
32.Rb1a1 Rf7e7
33.Qe3g3 g4
34.Ra5c5  { time }
1-0

[Event "Tourn. n9334"]
[Site "www.chess-mail.com"]
[Date "2017.05.12"]
[Round "1"]
[White "Mitja"]
[Black "Johnmcbride"]
[WhiteElo "2000"]
[BlackElo "2020"]
[Result "1-0"]
[Round "1"]
1.d4 d6
2.e3 Nb8d7
3.h3 e5
4.dxe5 dxe5
5.c3 Bf8d6
6.Qd1g4 g6
7.Nb1d2 Ng8f6
8.Qg4e2 a6
9.Nd2b3 O-O
10.Ng1f3 Rf8e8
11.Bc1d2 Nf6e4
12.Ra1d1 b6
13.Bd2c1 Nd7f6
14.Nb3d2 Ne4xd2
15.Rd1xd2 Bc8d7
16.Qe2d1 Nf6e4
17.Rd2c2 Bd7a4
18.b3 Ne4xc3
19.Rc2xc3 Bd6b4
20.Qd1c2 Bb4xc3
21.Qc2xc3 Ba4d7
22.Nf3xe5 Bd7e6
23.Bc1b2 Qd8f6
24.Bf1e2 c5
25.O-O Be6d5
26.Ne5d7 Qf6xc3
27.Bb2xc3 Re8e6
28.Nd7f6 Kg7
29.Nf6xd5 Kf8
30.Nd5c7 Re6e8
31.Nc7xa8 Re8xa8
32.Rf1d1 b5
33.Be2f3 { resign }
1-0

[Event "Tourn. n9350"]
[Site "www.chess-mail.com"]
[Date "2017.05.12"]
[Round "1"]
[White "Malbertan"]
[Black "Jazzy"]
[WhiteElo "2160"]
[BlackElo "2200"]
[Result "1/2-1/2"]
[Round "1"]
1.e4 c5
2.Ng1f3 g6
3.g3 Bf8g7
4.d3 Nb8c6
5.c3 d6
6.Bf1g2 Ng8f6
7.O-O O-O
8.Bc1e3 Bc8d7
9.Nb1d2 Nf6g4
10.Qd1e2 Ng4xe3
11.fxe3 e5
12.Nd2c4 Bd7g4
13.Qe2f2 Ra8c8
14.d4 b5
15.Nc4d2 a5
16.d5 Nc6e7
{ draw }
1/2-1/2

[Event "Match"]
[Site "www.echecsemail.com"]
[Date "2017.05.12"]
[Round "1"]
[White "Karlgrocer"]
[Black "Cjood"]
[WhiteElo "2080"]
[BlackElo "1669"]
[Result "0-1"]
[Round "1"]
1.Ng1f3 c6
2.d4 g6
3.e3 Bf8g7
4.Bf1e2 d5
5.O-O Bc8f5
6.Nb1d2 Nb8d7
7.c4 dxc4
8.Nd2xc4 b5
9.Nc4d2 Qd8b8
10.Nd2b3 a5
11.h3 e5
12.dxe5 Nd7xe5
13.Nf3xe5 Bg7xe5
14.Be2f3 Qb8c8
15.e4 Bf5xh3
16.Qd1e2 Bh3e6
17.Qe2c2 Be6c4
18.Rf1d1 Qc8c7
19.Nb3d2 Bc4e6
20.Nd2f1 Ng8f6
21.Bc1g5 Nf6d7
22.Rd1c1 Ra8c8
23.Bf3e2 f5
24.Be2xb5 cxb5
25.Qc2xc7 Be5xc7
26.Rc1c2 Bc7h2
27.Nf1xh2 Rc8xc2
28.e5 Rc2xb2
29.Nh2f3 Rb2xa2
30.Ra1xa2 Be6xa2
31.Nf3d4 b4
{ resign }
0-1

[Event "Match"]
[Site "www.echecsemail.com"]
[Date "2017.05.12"]
[Round "1"]
[White "Claymil"]
[Black "Paco"]
[WhiteElo "1979"]
[BlackElo "1970"]
[Result "1-0"]
[Round "1"]
1.c4 e5
2.Nb1c3 Bf8c5
3.e3 Ng8f6
4.g3 O-O
5.Bf1g2 c6
6.Ng1e2 d6
7.O-O Bc8e6
8.b3 Qd8d7
9.Bc1b2 Be6h3
10.d4 exd4
11.exd4 Bc5b6
12.a4 c5
13.d5 Nb8a6
14.Rf1e1 Na6b4
15.Ne2f4 Bh3xg2
16.Kxg2 a6
17.Nc3e4 Nf6xe4
18.Re1xe4 Bb6c7
19.Qd1e2 f5
20.Re4e7 Qd7c8
21.Re7xg7 Kh8
22.Rg7g6 { resign }
1-0

[Event "Match"]
[Site "www.echecsemail.com"]
[Date "2017.05.12"]
[Round "1"]
[White "Carazo"]
[Black "Guidom"]
[WhiteElo "1610"]
[BlackElo "2010"]
[Result "0-1"]
[Round "1"]
1.e4 e5
2.Ng1f3 Nb8c6
3.Bf1c4 d6
4.d3 Bf8e7
5.c3 Ng8f6
6.Nf3g5 O-O
7.Qd1b3 d5
8.exd5 Nc6a5
9.Qb3a4 b6
10.Bc4b5 Nf6xd5
11.Ng5f3 Qd8d6
12.O-O c6
13.Bb5c4 Na5xc4
14.Qa4xc4 Bc8e6
15.Qc4a4 c5
16.c4 Nd5b4
17.Qa4b3 f6
18.Rf1d1 Rf8d8
19.Nf3e1 Nb4c6
20.Bc1e3 Nc6d4
21.Qb3a3 Qd6c6
22.Be3xd4 exd4
23.Nb1d2 Be6f5
24.h3 Be7d6
25.Ne1f3 Rd8e8
26.Nd2f1 Re8e2
27.Kh1 Re2xf2
28.Kg1 Rf2e2
29.Nf3h4 g5
30.Nh4f3 Bf5xh3
31.Rd1d2 Ra8e8
32.b3 Bh3xg2
33.Nf3h2 Bg2xf1
34.Nh2xf1 Qc6g2
{ resign }
0-1

[Event "Match"]
[Site "www.echecsemail.com"]
[Date "2017.05.12"]
[Round "1"]
[White "Whitekknight"]
[Black "Carazo"]
[WhiteElo "1950"]
[BlackElo "1600"]
[Result "1-0"]
[Round "1"]
1.d4 d5
2.e4 dxe4
3.Nb1c3 Ng8f6
4.f3 exf3
5.Qd1xf3 g6
6.Bc1e3 Bf8g7
7.O-O-O O-O
8.Bf1c4 c6
9.h3 b5
10.Bc4d3 Bc8a6
11.Nc3e4 Nf6d5
12.Be3f2 b4
13.Bd3xa6 Nb8xa6
14.Ng1e2 Bg7h6
15.Kb1 Ra8b8
16.Ne2c1 Bh6xc1
17.Kxc1 f5
18.Ne4g5 Rf8f6
19.Bf2h4 Rf6d6
20.Rh1e1 Nd5f6
21.Qf3b3 Rd6d5
22.Re1e5 Na6c7
23.Bh4f2 e6
24.Ng5xe6 Nc7xe6
25.Re5xe6 c5
26.Re6xf6 Kg7
27.Bf2h4 Qd8d7
28.Rd1e1 h6
29.Rf6e6 Kh8
30.Re6e7 Qd7c6
31.Re1e6 Rd5d6
32.Bh4f6 Kg8
33.Re7g7 Kf8
34.Re6e8 { resign }
1-0

[Event "Match"]
[Site "www.echecsemail.com"]
[Date "2017.05.12"]
[Round "1"]
[White "Coraza8091"]
[Black "Billyg"]
[WhiteElo "1490"]
[BlackElo "1630"]
[Result "0-1"]
[Round "1"]
1.e4 e5
2.Ng1f3 d6
3.Bf1c4 Bc8d7
4.d4 Nb8c6
5.O-O Bd7g4
6.Bc4xf7 Kxf7
7.c3 d5
8.exd5 Qd8xd5
9.h3 Bg4h5
10.g4 Bh5g6
11.dxe5 Qd5xd1
12.Rf1xd1 { time. }
0-1

[Event "Match"]
[Site "www.echecsemail.com"]
[Date "2017.05.12"]
[Round "1"]
[White "Motorhead99"]
[Black "Billyg"]
[WhiteElo "1599"]
[BlackElo "1710"]
[Result "1-0"]
[Round "1"]
1.e4 e6
2.d4 d5
3.Nb1c3 dxe4
4.f3 exf3
5.Ng1xf3 Bf8b4
6.Bf1d3 c6
7.Bc1e3 Ng8f6
8.O-O Nf6g4
9.Be3g5 f6
10.Bg5d2 Qd8c7
11.h3 Ng4h6
12.Bd2xh6 gxh6
13.Nf3h4 f5
14.Nh4f3 Nb8d7
15.Rf1e1 Nd7f6
16.Nf3e5 c5
17.dxc5 Bb4xc5
18.Kh1 a6
19.Bd3xf5 Qc7c6
20.Ne5xc6 { resign }
1-0

[Event "Match"]
[Site "www.echecsemail.com"]
[Date "2017.05.12"]
[Round "1"]
[White "Ledzepp"]
[Black "Stewartborst"]
[WhiteElo "1480"]
[BlackElo "1499"]
[Result "1-0"]
[Round "1"]
1.e4 c5
2.Bf1c4 e6
3.e5 Nb8c6
4.Ng1f3 d5
5.exd6 Bf8xd6
6.d3 Ng8e7
7.Nf3g5 b5
8.Bc4xb5 O-O
9.d4 Qd8a5
10.Nb1c3 cxd4
11.Bb5xc6 Ne7xc6
12.Bc1d2 dxc3
13.Bd2xc3 Qa5e5
14.Bc3xe5 Bd6xe5
15.Qd1d3 Be5xb2
16.Qd3xh7 { resign }
1-0

[Event "Match"]
[Site "www.echecsemail.com"]
[Date "2017.05.12"]
[Round "1"]
[White "Stevefillion"]
[Black "Chessington"]
[WhiteElo "2400"]
[BlackElo "2240"]
[Result "0-1"]
[Round "1"]
1.e4 e6
2.d4 d5
3.Nb1c3 Bf8b4
4.e5 c5
5.Bc1d2 Ng8e7
6.Nc3b5 Bb4xd2
7.Qd1xd2 O-O
8.c3 Nb8c6
9.f4 a6
10.Nb5d6 cxd4
11.cxd4 Qd8b6
12.O-O-O Bc8d7
13.Ng1f3 Ne7c8
14.Nd6xc8 Rf8xc8
15.Kb1 Nc6b4
16.Bf1d3 a5
17.Rd1c1 Nb4xd3
18.Qd2xd3 Bd7b5
19.Qd3e3 Qb6a6
20.Rc1c3 Bb5f1
21.Rc3xc8 Ra8xc8
22.Nf3e1 h5
23.g3 Bf1h3
24.Ne1f3 Bh3f5
25.Ka1 Rc8c2
{ resign }
0-1

[Event "Match"]
[Site "www.echecsemail.com"]
[Date "2017.05.12"]
[Round "1"]
[White "Paco"]
[Black "Winston"]
[WhiteElo "1870"]
[BlackElo "1810"]
[Result "0-1"]
[Round "1"]
1.e4 e6
2.d4 d5
3.e5 c5
4.Ng1f3 Nb8c6
5.dxc5 Bf8xc5
6.Bf1b5 Qd8b6
7.Bb5xc6 bxc6
8.O-O Bc8a6
9.Bc1e3 Ba6xf1
10.Be3xc5 Qb6xc5
11.Kxf1 Qc5b5
12.Kg1 Qb5xb2
13.Nb1d2 Ra8b8
14.a4 Qb2b7
15.Nf3g5 h6
16.Ng5h3 Ng8e7
17.g4 O-O
18.g5 Ne7f5
19.Nd2b3 Qb7b4
20.gxh6 Nf5xh6
21.Qd1h5 Qb4g4
22.Qh5xg4 Nh6xg4
23.Nb3c5 Rf8d8
24.a5 Ng4xe5
25.a6 Ne5d7
26.Nc5b7 Rd8f8
27.Ra1d1 f6
28.c4 Nd7b6
29.c5 Nb6c4
30.Nh3f4 Rf8e8
31.h4 Kf7
32.h5 Re8h8
33.Rd1e1 e5
34.Nf4d3 Rh8xh5
35.Re1b1 Rb8h8
36.Rb1b4 Ke7
37.Kf1 g5
38.Ke2 e4
39.Nd3b2 Nc4a3
40.Nb7d6 Na3b5
41.Nd6xb5 cxb5
42.Rb4xb5 Rh5h7
43.c6 Kd6
44.Nb2a4 Kxc6
45.Rb5c5 Kd6
46.Ke3 Rh7c7
47.Rc5c3 Rh8h3
48.f3 Rh3xf3
49.Kd4 Rc7xc3
50.Na4xc3 Rf3d3

0-1

[Event "Match"]
[Site "www.echecsemail.com"]
[Date "2017.05.12"]
[Round "1"]
[White "Cjood"]
[Black "Liencam2"]
[WhiteElo "1669"]
[BlackElo "2320"]
[Result "0-1"]
[Round "1"]
1.f4 d5
2.c4 e6
3.Ng1f3 Ng8f6
4.e3 Bf8e7
5.Nb1c3 b6
6.d4 Bc8b7
7.b3 Nb8a6
8.Bc1b2 c5
9.cxd5 cxd4
10.exd4 Nf6xd5
11.Nc3xd5 Qd8xd5
12.Nf3d2 O-O
13.Rh1g1 Ra8c8
14.Bf1d3 Be7f6
15.Bd3e4 Qd5d7
16.Be4xb7 Qd7xb7
17.Nd2c4 Qb7e4
18.Qd1e2 Qe4xf4
19.g3 Qf4c7
20.Ra1c1 Na6b4
21.Qe2d2 Nb4d5
22.h4 Nd5e7
23.h5 h6
24.Qd2d3 Rf8d8
25.Kf2 e5
26.Nc4xe5 Qc7xe5
27.Rc1xc8 Ne7xc8
28.dxe5 Rd8xd3
29.Ke2 Rd3d5
30.exf6 Rd5xh5
31.fxg7 Rh5h2
32.Kd3 Rh2xb2
33.Rg1c1 Nc8d6
34.Rc1c2 Rb2xc2
35.Kxc2 Kxg7
36.Kd3 f5
37.Ke3 Kf6
38.Kf4 h5
39.a4 a5
40.Ke3 Nd6e4
{ resign }
0-1

[Event "Match"]
[Site "www.echecsemail.com"]
[Date "2017.05.12"]
[Round "1"]
[White "Cjood"]
[Black "Ditto"]
[WhiteElo "1669"]
[BlackElo "1710"]
[Result "1-0"]
[Round "1"]
1.Nb1c3 e5
2.e4 Ng8f6
3.Ng1e2 Bf8c5
4.d4 exd4
5.Ne2xd4 d6
6.Bc1g5 Nb8d7
7.Nd4f5 a6
8.Nf5xg7 Kf8
9.Ng7f5 Rh8g8
10.Bg5h6 Ke8
11.Nf5g7 Rg8xg7
12.Bh6xg7 Nf6g8
13.Bf1c4 Qd8g5
14.Bg7h8 Qg5xg2
15.Rh1f1 Nd7b6
16.Bc4b3 Bc8h3
17.Qd1e2 Nb6d7
18.O-O-O Qg2g5
19.f4 Qg5g6
20.Rf1e1 Bh3g4
21.Bb3xf7 Qg6xf7
22.Qe2xg4 Ng8e7
23.f5 Nd7f8
24.Nc3d5 Ra8c8
25.Nd5xe7 Kxe7
26.f6 Ke8
27.Qg4g7 Qf7xa2
28.Qg7e7 
1-0

[Event "Fast Game"]
[Site "www.echecsemail.com"]
[Date "2017.05.12"]
[Round "1"]
[White "Motorhead99"]
[Black "Pellix84"]
[WhiteElo "1419"]
[BlackElo "1660"]
[Result "1-0"]
[Round "1"]
1.d4 Ng8f6
2.e3 e6
3.Bf1d3 c5
4.c3 Nb8c6
5.f4 cxd4
6.exd4 b6
7.Ng1f3 Bc8b7
8.O-O Bf8e7
9.Kh1 Qd8c7
10.Nb1a3 a6
11.Na3c2 Nf6d5
12.Nf3e5 O-O
13.Qd1h5 g6
14.Qh5h6 d6
15.Rf1f3 dxe5
16.Rf3h3 Nd5f6
17.fxe5 Nf6h5
18.Rh3xh5 { resign }
1-0

[Event "Tourn. n9338"]
[Site "www.chess-mail.com"]
[Date "2017.05.13"]
[Round "1"]
[White "Redabond"]
[Black "Roque1"]
[WhiteElo "1710"]
[BlackElo "1870"]
[Result "0-1"]
[Round "1"]
1.d4 d5
2.Bc1f4 Nb8c6
3.Nb1c3 Ng8f6
4.Nc3b5 Bc8f5
5.Nb5xc7 Kd7
6.Nc7xa8 Qd8xa8
7.Ng1f3 e6
8.Bf4g5 Nc6b4
9.e4 Bf5xe4
10.Bg5xf6 Nb4xc2
11.Kd2 Bf8b4
 { time }
0-1

[Event "Tourn. n9306"]
[Site "www.chess-mail.com"]
[Date "2017.05.13"]
[Round "1"]
[White "Pachi"]
[Black "Cal"]
[WhiteElo "1520"]
[BlackElo "1700"]
[Result "1-0"]
[Round "1"]
1.e4 e5
2.Ng1f3 d6
3.c3 a6
4.a4 Bc8g4
5.h3 Bg4h5
6.g4 Bh5g6
7.Bf1d3 Nb8c6
8.Qd1b3 Ng8f6
9.Nf3g5 Bf8e7
10.Ng5xf7 Bg6xf7
11.Qb3xb7 Nc6a5
12.Qb7b4 Na5c6
13.Qb4b7 Nc6a7
14.Qb7xa6 c6
15.Bd3c4 O-O
16.d3 Bf7xc4
17.Qa6xc4 d5
18.exd5 cxd5
19.Qc4b3 Ra8b8
20.Qb3c2 Qd8a5
21.b4 Qa5b6
22.Bc1e3 d4
23.Qc2b3 Kh8
24.cxd4 exd4
25.Be3f4 Rb8b7
26.b5 Rb7d7
27.Nb1d2 Be7c5
28.Nd2f3 Na7c8
29.Nf3e5 Rd7e7
30.h4 Nf6xg4
31.a5 Qb6f6
32.Kd1 Ng4xf2
33.Kc2 Qf6xf4
34.Ne5c6 Re7e2
35.Kb1 Nf2xh1
36.Qb3d1 Qf4f1
37.Kc1 Re2e1
38.Kc2 Rf8f2
39.Kb3 Re1xd1
40.Ra1xd1 Qf1xd1
41.Kc4 Qd1c2
42.Kd5 Rf2f5
43.Ke6 Rf5f6
44.Kd7 Nc8d6
45.b6 Nd6b7
46.Kc7 Rf6f7
47.Kb8 Bc5d6
48.Ka7 Qc2xc6
49.a6 Nb7a5
50.b7 { resign }
1-0

[Event "Tourn. n9279"]
[Site "www.chess-mail.com"]
[Date "2017.05.13"]
[Round "1"]
[White "Picifarkinca"]
[Black "Scasan55"]
[WhiteElo "1900"]
[BlackElo "1870"]
[Result "1/2-1/2"]
[Round "1"]
1.e4 c5
2.c3 d5
3.exd5 Qd8xd5
4.Qd1f3 Qd5xf3
5.Ng1xf3 Ng8f6
6.Bf1e2 e6
7.O-O Bf8e7
8.Rf1d1 O-O
9.d4 cxd4
10.Nf3xd4 h6
11.Bc1f4 Nb8d7
12.Bf4g3 Nf6e4
13.Bg3c7 Be7d6
14.Bc7xd6 Ne4xd6
15.Nd4xe6 Rf8e8
16.Rd1xd6 Re8xe6
17.Rd6xe6 fxe6
18.Nb1d2 b6
19.Be2f3 Ra8b8
20.Ra1e1 Nd7c5
21.Nd2c4 Nc5d3
22.Re1e3 b5
23.Re3xd3 bxc4
24.Rd3d2 Kf7
25.Kf1 Kf6
26.Bf3e4 Bc8b7
27.Be4xb7 Rb8xb7
28.Ke1 a5
29.Kd1 g6
30.Kc2 Kf5
31.Rd2d4 Rb7c7
32.b3 cxb3
33.axb3 Ke5
34.Kd3 h5
35.Rd4e4 Kf5
36.g3 Rc7b7
37.Re4f4 Ke5
38.Rf4e4 { draw }
1/2-1/2

[Event "Tourn. n9360"]
[Site "www.chess-mail.com"]
[Date "2017.05.13"]
[Round "1"]
[White "Cjood"]
[Black "Redapond1"]
[WhiteElo "2050"]
[BlackElo "1850"]
[Result "1-0"]
[Round "1"]
1.e4 e5
2.Ng1f3 Nb8c6
3.Bf1c4 h6
4.c3 Bf8c5
5.d4 exd4
6.cxd4 Bc5b4
7.Nb1c3 Bb4xc3
8.bxc3 d6
9.Qd1b3 Qd8e7
10.O-O Ng8f6
11.d5 Nc6e5
12.Nf3xe5 Qe7xe5
13.Bc1d2 Nf6xe4
14.Rf1e1 Qe5f5
15.Re1xe4 Kd7
16.Qb3a4 c6
17.Bc4d3 Qf5xd5
18.Re4d4 Qd5h5
19.Bd2f4 d5
20.Ra1e1 Rh8e8
21.Re1xe8 Kxe8
22.g3 Bc8e6
23.Bf4d6 Qh5f3
24.g4 Kd7
25.Rd4f4 Qf3h3
26.Bd6c5 Qh3xd3
27.c4 Qd3b1
28.Kg2 dxc4
29.Rf4d4 Be6d5
30.Kg3 b6
31.Rd4xd5 Kc7
32.Bc5d6 Kb7
33.Rd5e5 Qb1d3
34.Kg2 Qd3xd6
35.f4 Qd6d2
36.Kh3 Qd2xf4
37.Re5e7 Kb8
38.Qa4xc6 Qf4f3
39.Qc6xf3 { resign }
1-0

[Event "Tourn. n9331"]
[Site "www.chess-mail.com"]
[Date "2017.05.13"]
[Round "1"]
[White "Cal"]
[Black "Crull"]
[WhiteElo "1740"]
[BlackElo "1840"]
[Result "1-0"]
[Round "1"]
1.Nb1c3 d5
2.d4 Bc8f5
3.h3 Nb8c6
4.e3 Ng8f6
5.a3 e6
6.Bf1b5 Bf8e7
7.b4 O-O
8.Ng1f3 a6
9.Bb5a4 b5
10.Ba4b3 Nf6e4
11.Nc3e2 h6
12.O-O a5
13.bxa5 Nc6xa5
14.Nf3e5 Be7d6
15.Ne5f3 c5
{ time. }
1-0

[Event "Tourn. n9323"]
[Site "www.chess-mail.com"]
[Date "2017.05.13"]
[Round "1"]
[White "Wwgia"]
[Black "Kevinking"]
[WhiteElo "1900"]
[BlackElo "1910"]
[Result "0-1"]
[Round "1"]
1.d4 Ng8f6
2.c4 e6
3.Ng1f3 b6
4.a3 Bf8e7
5.Nb1c3 Bc8b7
6.g3 O-O
7.Bf1g2 d6
8.O-O Nb8d7
9.Qd1c2 c5
10.d5 exd5
11.Nf3h4 g6
12.cxd5 Rf8e8
13.e4 a6
14.f4 { time. }
0-1

[Event "Tourn. n9326"]
[Site "www.chess-mail.com"]
[Date "2017.05.13"]
[Round "1"]
[White "Wwgia"]
[Black "Kevinking"]
[WhiteElo "1900"]
[BlackElo "1910"]
[Result "0-1"]
[Round "1"]
1.d4 Ng8f6
2.c4 e6
3.Ng1f3 b6
4.a3 Bc8b7
5.Nb1c3 Bf8e7
6.g3 O-O
7.Bf1g2 d6
8.O-O Nb8d7
9.b4 c5
10.d5 exd5
11.Nf3h4 Qd8c8
12.Nh4f5 Rf8e8
13.cxd5 { time. }
0-1

[Event "Tourn. n9357"]
[Site "www.chess-mail.com"]
[Date "2017.05.13"]
[Round "1"]
[White "Griffo30"]
[Black "Leochessnut"]
[WhiteElo "2020"]
[BlackElo "2070"]
[Result "1-0"]
[Round "1"]
1.d4 Ng8f6
2.c4 e6
3.Nb1c3 Bf8b4
4.Qd1c2 c5
5.dxc5 Bb4xc5
6.Ng1f3 Nb8c6
7.e3 d5
{ time. }
1-0

[Event "Tourn. n9357"]
[Site "www.chess-mail.com"]
[Date "2017.05.13"]
[Round "1"]
[White "Bojan"]
[Black "Griffo30"]
[WhiteElo "1970"]
[BlackElo "2020"]
[Result "1-0"]
[Round "1"]
1.e4 e6
2.d4 d5
3.exd5 exd5
4.Qd1f3 Ng8f6
5.h3 Bf8e7
6.Nb1c3 c6
7.a3 O-O
8.Bf1d3 h6
9.Ng1e2 Bc8e6
10.Ne2f4 Be6d7
11.O-O Rf8e8
12.Nf4h5 Nf6xh5
13.Qf3xh5 Be7g5
14.f4 Bg5f6
15.Nc3e2 Nb8a6
16.c3 Na6c7
17.f5 Qd8e7
18.Bc1f4 Nc7b5
19.Ra1e1 Qe7f8
20.g4 Nb5d6
21.Ne2g3 Re8xe1
22.Rf1xe1 Ra8e8
23.Re1xe8 Qf8xe8
24.Kf2 Nd6e4
25.Ng3xe4 dxe4
26.Bd3c4 Qe8e7
27.Ke3 c5
28.Bc4d5 cxd4
29.cxd4 Bd7b5
30.Bd5xe4 Bb5c6
31.Bf4e5 Bf6xe5
32.Be4xc6 bxc6
33.dxe5 Qe7xe5
34.Kd2 Qe5xb2
35.Kd1 Qb2xa3
36.Qh5h4 a5
37.f6 Qa3d6
38.Kc2 Qd6xf6
39.Qh4e1 Qf6h4
40.Qe1xh4 { resign }
1-0

[Event "Tourn. n9218"]
[Site "www.chess-mail.com"]
[Date "2017.05.13"]
[Round "1"]
[White "Ssharp"]
[Black "Actmy"]
[WhiteElo "2170"]
[BlackElo "2160"]
[Result "0-1"]
[Round "1"]
1.e4 e6
2.d4 d5
3.e5 c5
4.c3 Nb8c6
5.f4 Qd8b6
6.Ng1f3 Ng8h6
7.Bf1d3 cxd4
8.cxd4 Bc8d7
9.Bd3c2 Nc6b4
10.O-O Ra8c8
11.Nb1a3 Bf8e7
12.Bc2b3 Qb6a6
13.Nf3e1 Nh6f5
14.g4 Nf5xd4
15.Bc1e3 Nd4e2
16.Kg2 d4
17.Be3xd4 h5
18.g5 Bd7c6
19.Kf2 Ne2xf4
20.Bb3c4 b5
21.Bc4e2 Be7xg5
22.Be2f3 O-O
23.Bf3xc6 Qa6xc6
24.Qd1f3 Rf8d8
25.Qf3xc6 Rc8xc6
26.Ra1d1 a6
27.Kf3 Nb4xa2
28.Ne1g2 Nf4xg2
29.Kxg2 b4
30.Na3b1 Rc6c4
31.Bd4f2 Rd8xd1
32.Rf1xd1 Rc4c2
33.Kf3 Rc2xb2
34.h4 Bg5c1
35.Rd1d6 Rb2xb1
36.Rd6xa6 Rb1b3
37.Ke4 Na2c3
38.Kd4 Nc3d5
39.Ra6a8 Kh7
40.Ke4 Rb3h3
41.Ra8c8 b3
42.Rc8xc1 b2
43.Rc1e1 Rh3b3
{ resign }
0-1

[Event "Tourn. n9327"]
[Site "www.chess-mail.com"]
[Date "2017.05.13"]
[Round "1"]
[White "Esperanza"]
[Black "Scasan55"]
[WhiteElo "1970"]
[BlackElo "1970"]
[Result "0-1"]
[Round "1"]
1.e4 e6
2.d4 d5
3.Nb1c3 Bf8b4
4.e5 Bb4xc3
5.bxc3 c5
6.f4 Ng8e7
7.Ng1f3 c4
8.Bf1e2 O-O
9.O-O Nb8c6
10.Bc1a3 Rf8e8
11.Ba3xe7 Nc6xe7
12.Qd1e1 Ne7f5
13.Qe1f2 Qd8a5
 { time }
0-1

[Event "Tourn. n9340"]
[Site "www.chess-mail.com"]
[Date "2017.05.13"]
[Round "1"]
[White "Roque1"]
[Black "Cjood"]
[WhiteElo "1870"]
[BlackElo "1879"]
[Result "1-0"]
[Round "1"]
1.e4 e5
2.Ng1f3 Nb8c6
3.Bf1b5 d6
4.Nb1c3 Bc8d7
5.O-O g5
6.d3 h6
7.Bc1e3 a6
8.Bb5a4 g4
9.Nf3d2 h5
10.Qd1e2 Nc6b4
11.Ba4b3 Ng8f6
12.Be3g5 c5
13.a3 Nb4c6
14.Nc3d5 Bf8g7
15.Nd2c4 Nc6d4
16.Qe2d1 Bd7e6
17.Nc4b6 Be6xd5
18.Nb6xd5 Nd4e6
19.Bg5xf6 Bg7xf6
20.f4 exf4
21.Nd5xf4 Bf6xb2
22.Nf4xe6 fxe6
23.Ra1a2 Bb2d4
24.Kh1 b5
25.Bb3xe6 Qd8g5
26.Be6d5 O-O-O
27.Rf1f7 Qg5e5
28.c4 Rd8d7
29.cxb5 axb5
30.Qd1b3 Rd7xf7
31.Bd5xf7 Qe5f6
32.Bf7e6 Kc7
33.Be6f5 Kc6
34.a4 Rh8b8
35.axb5 Kc7
36.Ra2a7 Kd8
37.Qb3g8 { resign }
1-0

[Event "Tourn. n9341"]
[Site "www.chess-mail.com"]
[Date "2017.05.13"]
[Round "1"]
[White "Falcoale"]
[Black "Cjood"]
[WhiteElo "1970"]
[BlackElo "1879"]
[Result "1-0"]
[Round "1"]
1.e4 c6
2.d4 e6
3.Ng1f3 d6
4.Bf1d3 Bc8d7
5.O-O g6
6.e5 dxe5
7.Nf3xe5 Bf8g7
8.f4 Ng8e7
9.Ne5xd7 Qd8xd7
10.c3 f5
11.Nb1d2 Bg7xd4
12.cxd4 Qd7xd4
13.Kh1 Qd4xd3
14.Rf1f3 Qd3b5
15.Nd2b3 O-O
16.Bc1e3 Ne7d5
17.Nb3d4 Qb5xb2
18.Be3f2 Nd5c3
19.Qd1e1 Nc3e4
20.Nd4xe6 Ne4xf2
21.Rf3xf2 Qb2b6
22.Ra1b1 Qb6a6
23.Ne6c7 Qa6d3
24.Nc7xa8 Nb8a6
25.Rb1xb7 Rf8xa8
26.Qe1e6 { resign }
1-0

[Event "Tourn. n9343"]
[Site "www.chess-mail.com"]
[Date "2017.05.13"]
[Round "1"]
[White "Cal"]
[Black "Cjood"]
[WhiteElo "1720"]
[BlackElo "1849"]
[Result "0-1"]
[Round "1"]
1.c4 g6
2.Nb1c3 Bf8g7
3.d4 c6
4.a3 Ng8f6
5.e4 d6
6.h3 Nb8d7
7.Ng1f3 e6
8.Bf1d3 e5
9.d5 cxd5
10.cxd5 a6
11.b4 Qd8c7
12.O-O Qc7xc3
13.Ra1a2 Qc3c7
14.Bc1b2 b5
15.Nf3h4 Nf6h5
16.Bb2c1 h6
17.Ra2c2 Qc7d8
18.g3 Nd7f6
19.Rc2c6 Bc8xh3
20.Rf1e1 Bh3g4
21.f3 Bg4c8
22.Kg2 Bc8b7
23.Rc6c3 O-O
24.Bc1e3 Ra8c8
25.g4 Rc8xc3
26.Kh3 Rc3xa3
27.gxh5 Nf6xh5
28.Re1g1 Bb7c8
29.Kh2 Qd8xh4
30.Kg2 Qh4g3
31.Kf1 Bc8h3
32.Ke2 Ra3a2
33.Bd3c2 Qg3h2
34.Kd3 Nh5f4
35.Be3xf4 exf4
36.Bc2b3 Ra2b2
37.Rg1e1 Qh2f2
38.Re1h1 Qf2d4

0-1

[Event "Tourn. n9270"]
[Site "www.chess-mail.com"]
[Date "2017.05.13"]
[Round "1"]
[White "Picifarkinca"]
[Black "Jackbauer"]
[WhiteElo "1890"]
[BlackElo "1920"]
[Result "1-0"]
[Round "1"]
1.Ng1f3 Nb8c6
2.d4 d5
3.c4 Ng8f6
4.Nb1c3 g6
5.b3 Bc8f5
6.e3 e6
7.Bc1b2 Bf8g7
8.Bf1e2 Qd8d7
9.O-O Nc6b4
10.Qd1d2 O-O-O
11.Nf3e5 Qd7e7
12.f4 h5
13.c5 c6
14.a3 Nb4c2
15.Ra1c1 Nf6g4
16.Ne5xg4 Bf5xg4
17.Qd2xc2 a6
18.Nc3a4 Bg4xe2
19.Qc2xe2 Kb8
20.Na4b6 Ka7
21.b4 f5
22.a4 h4
23.b5 Bg7h6
24.bxc6 bxc6
25.a5 g5
26.Rc1e1 g4
27.Re1b1 Bh6g7
28.Bb2c3 Rd8b8
29.Rb1b4 Bg7f6
30.Rf1b1 Rh8h6
31.Nb6c8 Rb8xc8
32.Rb4b6 Rc8c7
33.Qe2xa6 { resign }
1-0

[Event "Match"]
[Site "www.echecsemail.com"]
[Date "2017.05.13"]
[Round "1"]
[White "Cjood"]
[Black "Llord"]
[WhiteElo "1940"]
[BlackElo "1980"]
[Result "1/2-1/2"]
[Round "1"]
1.Ng1f3 Nb8c6
2.e4 e5
3.Bf1c4 Ng8f6
4.Nf3g5 d5
5.exd5 Nf6xd5
6.Ng5xf7 Kxf7
7.Qd1f3 Qd8f6
8.Bc4xd5 Bc8e6
9.Bd5xe6 Kxe6
10.Qf3b3 Kd7
11.Qb3xb7 Bf8c5
12.O-O Rh8b8
13.Qb7a6 Rb8b6
14.Qa6d3 Kc8
15.Qd3xh7 Kb7
16.Qh7e4 Ra8f8
17.d4 Bc5xd4
18.Bc1e3 Bd4xe3
19.Qe4xe3 Nc6d4
20.Nb1a3 Rb6xb2
21.Ra1b1 Rb2xb1
22.Rf1xb1 Kc8
23.Qe3h3 Qf6f5
24.Qh3xf5 Rf8xf5
25.Kf1 e4
26.c3 Nd4e6
27.g4 Rf5f4
28.h3 e3
29.Rb1b2 Ne6c5
30.Rb2e2 exf2
31.Re2xf2 Rf4a4
32.Na3b1 Nc5e4
33.Rf2c2 Ne4g5
34.Kg2 Ra4c4
35.Nb1d2 Rc4c6
36.Kg3 Rc6c4
37.Nd2f3 Ng5xf3
38.Kxf3 Kd7
39.h4 Ke6
40.Kg3 Kf6
41.h5 Kg5
42.Kh3 { draw }
1/2-1/2